000
00309nam a2200133Ia 4500
100
_a
Chandiramani/ K.G.
942
_c
BK
654
_a
Cutting
245
_a
Metal Cutting Technology and experiments
260
_b
Tata Mc Graw hill
_a
New Delhi
_c
1975
082
_a
671.53
300
_a
316
546
_a
ENGLISH
999
_c
31301
_d
31301